Detalles MARC
| 000 -LEADER |
| fixed length control field |
02803nam a2200433Ii 4500 |
| 001 - CONTROL NUMBER |
| control field |
DIGPOLIF0080 |
| 003 - CONTROL NUMBER IDENTIFIER |
| control field |
NyNyDIG |
| 006 - FIXED-LENGTH DATA ELEMENTS--ADDITIONAL MATERIAL CHARACTERISTICS |
| fixed length control field |
m o d |
| 007 - PHYSICAL DESCRIPTION FIXED FIELD--GENERAL INFORMATION |
| fixed length control field |
cr ||||||||||| |
| 008 - FIXED-LENGTH DATA ELEMENTS--GENERAL INFORMATION |
| fixed length control field |
131001s2011 sp a ob 000 0 spa d |
| 020 ## - INTERNATIONAL STANDARD BOOK NUMBER |
| Canceled/invalid ISBN |
9788496813571 |
| 020 ## - INTERNATIONAL STANDARD BOOK NUMBER |
| Canceled/invalid ISBN |
8496813576 |
| 035 ## - SYSTEM CONTROL NUMBER |
| System control number |
(OCoLC)888274073 |
| 040 ## - CATALOGING SOURCE |
| Original cataloging agency |
DGITA |
| Language of cataloging |
eng |
| Description conventions |
pn |
| Transcribing agency |
DGITA |
| 043 ## - GEOGRAPHIC AREA CODE |
| Geographic area code |
nc----- |
| -- |
n-mx--- |
| -- |
cl----- |
| 050 14 - LIBRARY OF CONGRESS CALL NUMBER |
| Classification number |
F1412 eBook |
| 245 00 - TITLE STATEMENT |
| Title |
Sangre de Ley : |
| Remainder of title |
justicia y violencia en la institucionalización del Estado en América Latina, siglo XIX / |
| Statement of responsibility, etc. |
Marta Irurozqui y Mirian Galante (eds.). |
| 264 #1 - PRODUCTION, PUBLICATION, DISTRIBUTION, MANUFACTURE, AND COPYRIGHT NOTICE |
| Place of production, publication, distribution, manufacture |
Madrid : |
| Name of producer, publisher, distributor, manufacturer |
Ediciones Polifemo, |
| Date of production, publication, distribution, manufacture, or copyright notice |
2011. |
| 300 ## - PHYSICAL DESCRIPTION |
| Extent |
1 online resource (364 pages) : |
| Other physical details |
ill. |
| 336 ## - CONTENT TYPE |
| Content type term |
text |
| Content type code |
txt |
| Source |
rdacontent |
| 337 ## - MEDIA TYPE |
| Media type term |
computer |
| Media type code |
c |
| Source |
rdamedia |
| 338 ## - CARRIER TYPE |
| Carrier type term |
online resource |
| Carrier type code |
cr |
| Source |
rdacarrier |
| 490 1# - SERIES STATEMENT |
| Series statement |
Colección Pasaje América; |
| Volume/sequential designation |
1. |
| 500 ## - GENERAL NOTE |
| General note |
Collected essays. |
| 504 ## - BIBLIOGRAPHY, ETC. NOTE |
| Bibliography, etc. note |
Includes bibliographical references (p. 333-359). |
| 505 00 - FORMATTED CONTENTS NOTE |
| Formatted contents note |
Introducción / Marta Irurozqui y Mirian Galante -- 1. Ritos de Estado: violencia y soberanía en Hispanoamérica, 1789-1821 / Jeremy Adelman -- 2. La ley y la sangre: la "guerra de razas" y la Constitutción / Clément Thibaud -- 3. "Reformar útilmente la justicia": jueces y leyes en la construcción del Estado en Buenos Aires en la década de 1820 / Magdalena Candioti -- 4. Libertad de imprenta y ley penal en los orígenes del Estado colombiano (1810-1851) / Alejandro Londoño -- 5. Municipios y construcción del Estado (Tlaxcala, 1824-1826): definición ante la ley y administración de justicia / Mirian Galante -- 6. La fuerza de la ley: leyes, justicias y resistencias en la imposición de la propiedad privada en México, segunda mitad del siglo XIX / Daniela Marino -- 7. La justicia del pueblo: ciudadanía armada y movilización social / Marta Irurozqui -- 8. Entre la organización nacional, la política y las revoluciones: las fuerza militares durante la presidencia de Domingo Faustino Sarmiento (1868-1874) / Flavia Macías -- 9. La violencia en la política peruana: el asesinato del Presidente José Balta y sus hermanos (Perú, julio de 1872) / Víctor Peralta Ruiz -- Bibliografía -- Autores -- Índice. |
| 651 #0 - SUBJECT ADDED ENTRY--GEOGRAPHIC NAME |
| Geographic name |
Latin America |
| General subdivision |
Politics and government |
| Chronological subdivision |
19th century. |
| 651 #0 - SUBJECT ADDED ENTRY--GEOGRAPHIC NAME |
| Geographic name |
Latin America |
| General subdivision |
History |
| Chronological subdivision |
19th century. |
| 650 #0 - SUBJECT ADDED ENTRY--TOPICAL TERM |
| Topical term or geographic name entry element |
Political violence |
| Geographic subdivision |
Latin America |
| General subdivision |
History |
| Chronological subdivision |
19th century. |
| 655 #0 - INDEX TERM--GENRE/FORM |
| Genre/form data or focus term |
Electronic books. |
| 700 1# - ADDED ENTRY--PERSONAL NAME |
| Personal name |
Irurozqui, Marta. |
| 700 1# - ADDED ENTRY--PERSONAL NAME |
| Personal name |
Galante, Mirian. |
| 791 2# - |
| -- |
Digitalia (Firm), |
| -- |
distributor. |
| 793 0# - |
| -- |
Digitalia eBook Collection: |
| -- |
Ediciones Polifemo. |
| 830 #0 - SERIES ADDED ENTRY--UNIFORM TITLE |
| Uniform title |
Pasaje América; |
| Volume/sequential designation |
1, |
| 856 40 - ELECTRONIC LOCATION AND ACCESS |
| Materials specified |
Digitalia Hispánica |
| Uniform Resource Identifier |
<a href="https://www.digitaliapublishing.com/a/18948/">https://www.digitaliapublishing.com/a/18948/</a> |
| 910 ## - USER-OPTION DATA (OCLC) |
| User-option data |
Premium Collection: 2007-2012 |
| 942 ## - ADDED ENTRY ELEMENTS (KOHA) |
| Koha item type |
Recurso Electrónico |